000 00564nam a22002057a 4500
003 0
005 20251117094106.0
008 251117b xxu||||| |||| 00| 0 eng d
020 _a0-553-84022-3
050 _aPS 3566
_b.P35 1998
100 _aPalmer, Michael,
_eauthor.
245 _aMiracle cure /
_cMichael Palmer.
260 _aNew York :
_bBantam Books,
_c1998.
300 _a431 pages ;
_c18 cm.
650 _aSuspense fiction.
650 _aMedical novels.
650 _aPhysicians
_xFiction.
650 _aDisease outbreaks
_xFiction.
942 _2lcc
_cBK
999 _c368658
_d368658